LEADER 03561nam 2200685Ia 450 001 9910972621903321 005 20251117081010.0 010 $a9786613600950 010 $a9781280571350 010 $a1280571357 010 $a9780300177930 010 $a0300177933 024 7 $a10.12987/9780300177930 035 $a(CKB)2670000000176253 035 $a(StDuBDS)AH23056519 035 $a(SSID)ssj0000622703 035 $a(PQKBManifestationID)11388588 035 $a(PQKBTitleCode)TC0000622703 035 $a(PQKBWorkID)10643020 035 $a(PQKB)11719662 035 $a(MiAaPQ)EBC3420804 035 $a(DE-B1597)486326 035 $a(OCoLC)1024017537 035 $a(DE-B1597)9780300177930 035 $a(Perlego)1089857 035 $z(OCoLC)1024017537 035 $a(EXLCZ)992670000000176253 100 $a20110509d2012 uy 0 101 0 $aeng 135 $aur||||||||||| 181 $ctxt$2rdacontent 182 $cc$2rdamedia 183 $acr$2rdacarrier 200 10$aConfiguring the networked self $elaw, code, and the play of everyday practice /$fJulie E. Cohen 205 $a1st ed. 210 $aNew Haven [Conn.] $cYale University Press$dc2012 215 $a1 online resource (xi, 337 pages) 311 08$a9780300125436 311 08$a0300125437 320 $aIncludes bibliographical references and index. 327 $tFrontmatter --$tContents --$tAcknowledgments --$t1. Introduction: Imagining the Networked Information Society --$t2. From the Virtual to the Ordinary: Networked Space, Networked Bodies, and the Play of Everyday Practice --$t3. Copyright, Creativity, and Cultural Progress --$t4. Decentering Creativity --$t5. Privacy, Autonomy, and Information --$t6. Reimagining Privacy --$t7. "Piracy," "Security," and Architectures of Control --$t8. Rethinking "Unauthorized Access" --$t9. The Structural Conditions of Human Flourishing --$t10. Conclusion: Putting Cultural Environmentalism into Practice --$tNotes --$tBibliography --$tIndex 330 $aThe legal and technical rules governing flows of information are out of balance, argues Julie E. Cohen in this original analysis of information law and policy. Flows of cultural and technical information are overly restricted, while flows of personal information often are not restricted at all. The author investigates the institutional forces shaping the emerging information society and the contradictions between those forces and the ways that people use information and information technologies in their everyday lives. She then proposes legal principles to ensure that people have ample room for cultural and material participation as well as greater control over the boundary conditions that govern flows of information to, from, and about them. 606 $aCopyright and electronic data processing 606 $aData protection$xLaw and legislation 606 $aInformation networks$xLaw and legislation 606 $aInternet$xLaw and legislation$xSocial aspects 615 0$aCopyright and electronic data processing. 615 0$aData protection$xLaw and legislation. 615 0$aInformation networks$xLaw and legislation. 615 0$aInternet$xLaw and legislation$xSocial aspects. 676 $a342.08/58 686 $aLAW104000$aLAW050010$aLAW116000$aSOC052000$2bisacsh 700 $aCohen$b Julie E$01810157 801 0$bMiAaPQ 801 1$bMiAaPQ 801 2$bMiAaPQ 906 $aBOOK 912 $a9910972621903321 996 $aConfiguring the networked self$94361354 997 $aUNINA LEADER 05293nam 22007455 450 001 9911031668003321 005 20251001130727.0 010 $a3-031-99454-X 024 7 $a10.1007/978-3-031-99454-8 035 $a(MiAaPQ)EBC32323755 035 $a(Au-PeEL)EBL32323755 035 $a(CKB)41528787700041 035 $a(DE-He213)978-3-031-99454-8 035 $a(OCoLC)1572195702 035 $a(EXLCZ)9941528787700041 100 $a20251001d2025 u| 0 101 0 $aeng 135 $aurcnu|||||||| 181 $ctxt$2rdacontent 182 $cc$2rdamedia 183 $acr$2rdacarrier 200 10$aAdvanced Techniques against Food Adulteration /$fedited by Waleed Alahmad, Mohammad Ashfaq 205 $a1st ed. 2025. 210 1$aCham :$cSpringer Nature Switzerland :$cImprint: Springer,$d2025. 215 $a1 online resource (585 pages) 225 1 $aChemistry and Materials Science Series 311 08$a3-031-99453-1 327 $aChapter 1. Analytical Method for Dye Food Adulteration -- Chapter 2. Advanced Techniques against Meat Adulteration -- Chapter 3. Gas chromatography for chemical fingerprinting of volatile compounds and adulteration tests in food -- Chapter 4. Microfluidic paper-based analytical devices as cost-effective tools for food adulteration -- Chapter 5. Next-Generation Solutions to Combat Food Adulteration: Integrating Advanced Detection Technologies and Risk Mitigation Strategies -- Chapter 6. Optical Sensor Arrays for Food Adulteration Detection -- Chapter 7. Electrochemical Sensors in Food Adulteration Detection -- Chapter 8. Advanced Liquid Chromatography Techniques for Detecting and Analyzing Food Adulteration: Ensuring Safety and Quality in Food Products -- Chapter 9. Emerging Nanotechnology Applications in Food Safety Analysis -- Chapter 10. Enzyme-linked immunosorbent Assay (ELISA) for Food Adulteration Screening -- Chapter 11. Deep Eutectic Solvents for Extraction and Detection of Adulterants in Food Samples -- Chapter 12. Emerging Trends in Portable Analytical Devices (Miniaturized Systems) for Food Adulteration Analysis -- Chapter 13. Electronic Tongue and Nose Technologies for Flavor and Adulteration Analysis -- Chapter 14. Advances in Surface-Enhanced Raman Spectroscopy for the detection of synthetic dyes in the food matrices -- Chapter 15. Capillary Electrophoresis (CE) for high resolution food component separation. 330 $aThis book outlines advanced techniques against food adulteration, addressing a pressing concern in food safety and consumer protection. As food fraud becomes increasingly sophisticated, this volume provides a timely resource, compiling cutting-edge research and methodologies, and offering a comprehensive guide to identifying and combating adulterants in various food products. Divided into 15 chapters, the book covers a range of innovative approaches, including gas chromatography for chemical fingerprinting, microfluidic paper-based analytical devices, and optical sensor arrays. It also provides expert analyses of emerging nanotechnology applications and enzyme-linked immunosorbent assays (ELISA) for food adulteration screening. Readers will encounter discussions on electrochemical sensors, advanced liquid chromatography techniques, and the use of deep eutectic solvents for the extraction and detection of adulterants in food samples. Particular attention is given to the role of electronic tongue and nose technologies in flavor and adulteration analysis, as well as advances in surface-enhanced Raman spectroscopy for detecting synthetic dyes in food matrices. By compiling the latest research findings, technological breakthroughs, and practical applications, this book offers a multidisciplinary approach to combating food fraud, ensuring the safety and authenticity of the global food supply. It serves as a valuable resource for researchers, industry professionals, and policymakers in the fields of food science, safety, and quality control. It is also an essential resource for those involved in regulatory affairs and public health, providing the tools and knowledge needed to address the challenges of food adulteration. 410 0$aChemistry and Materials Science Series 606 $aFood$xAnalysis 606 $aChemistry 606 $aFood security 606 $aFood science 606 $aAnalytical chemistry 606 $aBiology 606 $aFood Chemistry 606 $aFood Security 606 $aFood Science 606 $aAnalytical Chemistry 606 $aFood Analysis 606 $aBiological Sciences 615 0$aFood$xAnalysis. 615 0$aChemistry. 615 0$aFood security. 615 0$aFood science. 615 0$aAnalytical chemistry. 615 0$aBiology. 615 14$aFood Chemistry. 615 24$aFood Security. 615 24$aFood Science. 615 24$aAnalytical Chemistry. 615 24$aFood Analysis. 615 24$aBiological Sciences. 676 $a543 676 $a664.07 700 $aAlahmad$b Waleed$01850101 701 $aAshfaq$b Mohammad$01591962 801 0$bMiAaPQ 801 1$bMiAaPQ 801 2$bMiAaPQ 906 $aBOOK 912 $a9911031668003321 996 $aAdvanced Techniques Against Food Adulteration$94443067 997 $aUNINA